Entrepreneurial Activities of Universities – Case of Slovakia
Ďalšie oblasti v rámci úlohy univerzít, popri výskume a vzdelávaní, akou je aj podnikateľská činnosť. Analýza vývoja a štruktúry príjmov z podnikateľských aktivít vysokých škôl v kontexte celkového financovania vysokých škôl v rámci prípadovej štúdie zameranej na Slovenskú republiku. Štatistická kom...
Salvato in:
| Autore principale: | |
|---|---|
| Natura: | Capitolo di libro |
| Lingua: | inglese |
| Soggetti: | |
| Tags: |
Nessun Tag, puoi essere il primo ad aggiungerne!!
|
MARC
| LEADER | 00000naa$a2200000$$$4500 | ||
|---|---|---|---|
| 001 | 0286623 | ||
| 005 | 20240502083915.3 | ||
| 041 | 0 | |a eng | |
| 044 | |a HR | ||
| 245 | 1 | 0 | |a Entrepreneurial Activities of Universities – Case of Slovakia |c Miroslav Šipikal |
| 520 | |a Ďalšie oblasti v rámci úlohy univerzít, popri výskume a vzdelávaní, akou je aj podnikateľská činnosť. Analýza vývoja a štruktúry príjmov z podnikateľských aktivít vysokých škôl v kontexte celkového financovania vysokých škôl v rámci prípadovej štúdie zameranej na Slovenskú republiku. Štatistická komparatívna analýza desaťročného vývoja finančných príjmov vysokých škôl z podnikateľských aktivít na Slovensku, na základe údajov z finančných výkazov jednotlivých vysokých škôl a výročných správ. Výsledky poukazujúce na potrebu ďalších zmien a financií, ktoré by viedli k vyššej komercializácii vlastných aktivít inštitúcií a výstupov výskumu, nielen iba financovanie vstupov. | ||
| 610 | 2 | 0 | |a financovanie školstva |
| 610 | 2 | 0 | |a univerzity |
| 610 | 2 | 0 | |a školy vysoké |
| 610 | 2 | 0 | |a vzdelávanie vysokoškolské |
| 610 | 2 | 0 | |a podnikanie |
| 610 | 2 | 0 | |a rozpočty |
| 610 | 2 | 0 | |a formy financovania |
| 610 | 2 | 0 | |a Slovensko |
| 100 | 1 | |a Šipikal, Miroslav, 1976- | |